Teoretická analýza konkurencieschopnosti a analýza konkurencieschopnosti podnikateľských subjektov na domácom trhu

Teoretická analýza konkurencieschopnosti vo vzťahu k ekonomickej teórii medzinárodného obchodu a zároveň konkurencieschopnosť poľnohospodárskych subjektov na domácom trhu. Výhody komparatívne. Obchodné spoločnosti - najvýhodnejšia forma podnikania. Konkurencieschopnosť samostatne hospodáriacich roľn...

Descripción completa

Guardado en:
Detalles Bibliográficos
Autor principal: Alemu, T. Solomon
Formato: Capítulo de libro
Lenguaje:eslovaco
Materias:
Etiquetas: Agregar Etiqueta
Sin Etiquetas, Sea el primero en etiquetar este registro!

MARC

LEADER 00000naa a2200000 4500
001 r032229
005 20230922110831.8
041 0 |a slo 
044 |a CZ 
245 1 0 |a Teoretická analýza konkurencieschopnosti a analýza konkurencieschopnosti podnikateľských subjektov na domácom trhu  |c T. Solomon Alemu 
520 |a Teoretická analýza konkurencieschopnosti vo vzťahu k ekonomickej teórii medzinárodného obchodu a zároveň konkurencieschopnosť poľnohospodárskych subjektov na domácom trhu. Výhody komparatívne. Obchodné spoločnosti - najvýhodnejšia forma podnikania. Konkurencieschopnosť samostatne hospodáriacich roľníkov, poľnohospodárskych družstiev a štátnych majetkov. 
610 2 0 |a konkurencieschopnosť 
610 2 0 |a výhody komparatívne 
610 2 0 |a analýzy 
610 2 0 |a podnikatelia 
610 2 0 |a ukazovatele kvalitatívne 
610 2 0 |a podnik poľnohospodársky 
610 2 0 |a spoločnosti obchodné 
100 1 |a Alemu, T. Solomon